Οσκαρ Κοκόσκα = Oskar Kokoschka : έκθεση
Saved in:
| Format: | Book |
|---|---|
| Language: | Greek |
| Published: |
Αθήνα :
Εθνική Πινακοθήκη, Μουσείον Αλεξάνδρου Σούτζου,
1976
|
| Subjects: | |
| Tags: |
Add Tag
No Tags, Be the first to tag this record!
|
MARC
| LEADER | 00000nam a2200000 i 4500 | ||
|---|---|---|---|
| 001 | 1/83985 | ||
| 008 | 970318s1976 gre d | ||
| 035 | |a 1989 |b 3 |c Δωρεά |l 10034332 | ||
| 040 | |a GR-MY-UA |b gre |e aacr | ||
| 041 | 0 | |a gre | |
| 082 | 0 | |a 759.436 | |
| 245 | 1 | 0 | |a Οσκαρ Κοκόσκα = |b Oskar Kokoschka : έκθεση |
| 246 | 2 | 1 | |a Oskar Kokoschka |
| 260 | |a Αθήνα : |b Εθνική Πινακοθήκη, |b Μουσείον Αλεξάνδρου Σούτζου, |c 1976 | ||
| 300 | |a 42 σ. | ||
| 500 | |a Άνω του τίτλου: Υπουργείον Πολιτισμού και Επιστημών | ||
| 600 | 1 | 0 | |a Kokoschka Oskar |d 1886- |
| 650 | 0 | 0 | |a Painters |z Austria. |
| 852 | |a INST |b RHODES |e 19970318 |h 759.436 OSK |p 005400010342 |q 005400010342 |t BK |y 0 | ||
| 909 | |a Ρ |b 015006 |c 1989 | ||
| 970 | |z 2000/08/ΔΕΜΕΝΑΓΑΣ ΠΕΤΡΟΣ | ||